[Event "Gibraltar Challengers A"]
[Site "Gibraltar"]
[Date "2019.01.25"]
[Round "5.3"]
[White "Tworzydlo, Piotr"]
[Black "Meszaros, Andras"]
[Result "0-1"]
[WhiteElo "2165"]
[BlackElo "2226"]
[PlyCount "108"]
[EventDate "2019.01.21"]
[EventType "swiss"]
[EventRounds "5"]
[EventCountry "GGB"]

1. e4 e5 2. Nf3 Nc6 3. Bb5 a6 4. Ba4 Nf6 5. d3 d6 6. c3 g6 7. O-O Bg7 8. Nbd2
O-O 9. Re1 b5 10. Bc2 h6 11. a4 Rb8 12. axb5 axb5 13. d4 exd4 14. cxd4 Nh5 15.
Nb3 Bg4 16. h3 Bxf3 17. Qxf3 Nxd4 18. Nxd4 Bxd4 19. Bxh6 Bxb2 20. Rab1 Bg7 21.
Bxg7 Nxg7 22. e5 d5 23. Bb3 c6 24. Rbc1 Rc8 25. Red1 Qg5 26. Qe2 Rfe8 27. Re1
Nf5 28. Qd3 Nh4 29. g3 Rxe5 30. f4 Qf5 31. Qf1 Re4 32. gxh4 Rxf4 33. Qg2 Rxh4
34. Bd1 Qxh3 35. Qxh3 Rxh3 36. Kg2 Rh4 37. Bb3 Rd4 38. Re7 Rd2+ 39. Kf3 Kf8 40.
Re5 Re8 41. Rxe8+ Kxe8 42. Ke3 Rb2 43. Bd1 Kd7 44. Ra1 Kd6 45. Ra7 f5 46. Rg7
d4+ 47. Kf3 Rd2 48. Rxg6+ Kc5 49. Be2 b4 50. Rg5 b3 51. Rxf5+ Kb4 52. Rf8 b2
53. Rb8+ Kc3 54. Ba6 Rd1 0-1

[Event "Gibraltar Challengers A"]
[Site "Gibraltar"]
[Date "2019.01.25"]
[Round "5.5"]
[White "Gonzalez Gonzalez, Alfonso"]
[Black "Lucas Vega, Ivan"]
[Result "0-1"]
[WhiteElo "2160"]
[BlackElo "2203"]
[PlyCount "98"]
[EventDate "2019.01.21"]
[EventType "swiss"]
[EventRounds "5"]
[EventCountry "GGB"]

1. e4 c5 2. Nc3 a6 3. a4 Nc6 4. Nf3 g6 5. Bc4 Bg7 6. O-O e6 7. d3 Nge7 8. Bg5
h6 9. Bh4 O-O 10. Re1 d6 11. h3 Kh7 12. Qe2 Nd4 13. Nxd4 cxd4 14. Nd1 g5 15.
Bg3 e5 16. c3 f5 17. exf5 Nxf5 18. Bd5 Rb8 19. Be4 dxc3 20. bxc3 Kh8 21. Bh2
Bd7 22. Ne3 Nxe3 23. Qxe3 Bc6 24. c4 Qa5 25. Rec1 Bxe4 26. dxe4 Rfc8 27. Qd3
Rc6 28. Qd5 Qc7 29. f3 Rc5 30. Qd2 Rc8 31. Kh1 Bf8 32. Qb2 Bg7 33. Bg1 Rxc4 34.
Rxc4 Qxc4 35. Qxb7 Rc7 36. Qb8+ Kh7 37. Rd1 Rc6 38. a5 Qe2 39. Qb1 Rc2 40. Qxc2
Qxc2 41. Rxd6 Qc4 42. Rd5 h5 43. Rc5 Qe2 44. Rc6 Qb5 45. Rc5 Qb4 46. Kh2 g4 47.
hxg4 hxg4 48. Be3 Qe1 49. Bg5 gxf3 0-1

[Event "Gibraltar Challengers A"]
[Site "Gibraltar"]
[Date "2019.01.25"]
[Round "5.6"]
[White "Kandic, Milan"]
[Black "Janse, Jan Jaap"]
[Result "0-1"]
[WhiteElo "2136"]
[BlackElo "2222"]
[PlyCount "100"]
[EventDate "2019.01.21"]
[EventType "swiss"]
[EventRounds "5"]
[EventCountry "GGB"]

1. d4 d5 2. Bf4 c5 3. e3 Nc6 4. c3 Nf6 5. Bd3 Qb6 6. Qb3 c4 7. Qxb6 axb6 8. Bc2
b5 9. a3 b4 10. Nd2 e6 11. cxb4 Nxb4 12. Bb1 Be7 13. Ngf3 O-O 14. O-O Nc6 15.
Ne5 Nh5 16. Bg3 Nxg3 17. hxg3 f6 18. Nef3 b5 19. Bc2 e5 20. Rfc1 Bg4 21. Bd1
Bf5 22. Bc2 Bxc2 23. Rxc2 Nb4 24. Rcc1 Nd3 25. Rcb1 b4 26. axb4 e4 27. Rxa8
Rxa8 28. Nxe4 dxe4 29. Nd2 Rc8 30. Nxe4 Bxb4 31. g4 Rb8 32. Kf1 Be7 33. d5 Kf8
34. d6 Bxd6 35. Nxd6 c3 36. Ke2 Rxb2+ 37. Kxd3 Rxb1 38. Kxc3 Rf1 39. f3 Rf2 40.
Kd3 Rxg2 41. Ke4 g6 42. Kf4 Ke7 43. Nb5 Ke6 44. Nd4+ Kd5 45. Nb5 h5 46. gxh5
gxh5 47. Kf5 h4 48. e4+ Kc5 49. Kxf6 Kxb5 50. e5 h3 0-1

[Event "Gibraltar Challengers A"]
[Site "Gibraltar"]
[Date "2019.01.25"]
[Round "5.7"]
[White "Castrillon Gomez, Melissa"]
[Black "Jordan Martinez, Miguel"]
[Result "0-1"]
[WhiteElo "2244"]
[BlackElo "2142"]
[PlyCount "100"]
[EventDate "2019.01.21"]
[EventType "swiss"]
[EventRounds "5"]
[EventCountry "GGB"]

1. d4 d6 2. e4 Nf6 3. Nc3 Nbd7 4. f4 e5 5. Nf3 exd4 6. Nxd4 Nc5 7. Qf3 Qe7 8.
Bb5+ Bd7 9. O-O O-O-O 10. b4 Ncxe4 11. Re1 d5 12. Nxd5 Nxd5 13. Rxe4 Qd6 14.
Be3 c6 15. Bc4 Nxe3 16. Qxe3 f5 17. Re5 Qxb4 18. Bb3 Bd6 19. Ne6 Bxe6 20. Bxe6+
Kb8 21. Bxf5 g6 22. Bd3 Bxe5 23. fxe5 Rhe8 24. Re1 Qd4 25. Kf2 Re7 26. Kg3 c5
27. Qe4 Kc7 28. Qf4 Qxf4+ 29. Kxf4 Rf8+ 30. Kg5 c4 31. Bxc4 Rf5+ 32. Kg4 Rfxe5
33. Rxe5 Rxe5 34. Bb3 Kd6 35. h4 a5 36. Kf4 b5 37. g4 Rc5 38. g5 a4 39. Bg8 Rc7
40. a3 Rg7 41. Ba2 Rb7 42. c3 Rc7 43. Bg8 Ke7 44. Bxh7 Kf7 45. h5 gxh5 46. Bd3
Rxc3 47. Bxb5 Rxa3 48. Bc4+ Kg7 49. Be2 Rh3 50. Bf1 Rh1 0-1

[Event "Gibraltar Challengers A"]
[Site "Gibraltar"]
[Date "2019.01.25"]
[Round "5.8"]
[White "Jordan Martinez, David"]
[Black "Carrascoso Morales, Abel"]
[Result "0-1"]
[WhiteElo "2125"]
[BlackElo "2219"]
[PlyCount "74"]
[EventDate "2019.01.21"]
[EventType "swiss"]
[EventRounds "5"]
[EventCountry "GGB"]

1. e4 d6 2. d4 Nf6 3. Nc3 g6 4. Be3 c6 5. h3 b5 6. a3 Nbd7 7. f4 Nb6 8. Bd3 Nc4
9. Bc1 d5 10. e5 Nh5 11. Nge2 Ng7 12. b3 Nb6 13. O-O h5 14. Be3 Bf5 15. a4 b4
16. a5 Nd7 17. Nb1 e6 18. c4 bxc3 19. Nbxc3 Bb4 20. a6 O-O 21. Na4 Rc8 22. Nc5
Nxc5 23. dxc5 d4 24. Bxd4 Bxd3 25. Qxd3 Bxc5 26. Qc4 Bxd4+ 27. Nxd4 Qb6 28. Kh2
c5 29. Nf3 Nf5 30. Rfc1 Rfd8 31. Rc3 h4 32. Rac1 Kg7 33. Re1 Rd5 34. Rec1 Rcd8
35. Qe2 Ng3 36. Qe3 Rd1 37. Rxd1 Rxd1 0-1

[Event "Gibraltar Challengers A"]
[Site "Gibraltar"]
[Date "2019.01.25"]
[Round "5.9"]
[White "Maisuradze, Nino"]
[Black "Lacrosse, Marc"]
[Result "1-0"]
[WhiteElo "2215"]
[BlackElo "2182"]
[PlyCount "98"]
[EventDate "2019.01.21"]
[EventType "swiss"]
[EventRounds "5"]
[EventCountry "GGB"]

1. d4 d5 2. c4 e6 3. Nc3 Nf6 4. cxd5 exd5 5. Bg5 c6 6. e3 Nbd7 7. Bd3 Be7 8.
Qc2 Nh5 9. Bf4 Nxf4 10. exf4 Bd6 11. Bxh7 Qh4 12. Bd3 Qxf4 13. Nge2 Qh6 14. a3
a5 15. Na4 b5 16. Nac3 a4 17. Rc1 O-O 18. Nd1 Bb7 19. Ne3 g6 20. h4 Rae8 21.
Rh3 Nf6 22. h5 Bc8 23. Rf3 Nxh5 24. Qxc6 Nf4 25. Kd2 Re6 26. Nxf4 Bxf4 27. Qxd5
Rd6 28. Qe4 Bg5 29. Rc5 Rfd8 30. d5 Bf5 31. Qd4 Bf6 32. Qf4 Bg5 33. Qe5 Bf6 34.
Qg3 Rxd5 35. Rxd5 Rxd5 36. Rxf5 Rxf5 37. Bxf5 Bxb2 38. Bd3 Bxa3 39. Qb8+ Bf8
40. Qxb5 a3 41. Bc4 Qf4 42. Ke2 Qf6 43. Qb3 Kg7 44. Nc2 Qe7+ 45. Qe3 Qb7 46.
Qc3+ Kg8 47. f3 Qe7+ 48. Qe3 Qc7 49. Qd3 Qg3 1-0

[Event "Gibraltar Challengers A"]
[Site "Gibraltar"]
[Date "2019.01.25"]
[Round "5.10"]
[White "Janiszewski, Maciej"]
[Black "Torres, Federico"]
[Result "0-1"]
[WhiteElo "2146"]
[BlackElo "2196"]
[PlyCount "90"]
[EventDate "2019.01.21"]
[EventType "swiss"]
[EventRounds "5"]
[EventCountry "GGB"]

1. e4 e5 2. Nf3 d6 3. d4 Nd7 4. Nc3 Ngf6 5. Bc4 Be7 6. O-O h6 7. Re1 c6 8. a4
a5 9. h3 Qc7 10. Ba2 Nf8 11. dxe5 dxe5 12. Nh4 g6 13. Nf3 g5 14. Nd2 g4 15. h4
g3 16. Qf3 gxf2+ 17. Qxf2 Be6 18. Nc4 Ng4 19. Qf3 Bxh4 20. g3 Be7 21. Ne3 Nxe3
22. Bxe6 Nxe6 23. Bxe3 Bg5 24. Bf2 O-O-O 25. Ne2 Bd2 26. Rf1 Kb8 27. Ra3 Bb4
28. Raa1 Bc5 29. c3 Bxf2+ 30. Rxf2 Ng5 31. Qf5 Rd2 32. b4 Re8 33. bxa5 Qc8 34.
Kh2 Qxf5 35. exf5 Ne4 36. Rg2 Ka7 37. Rb1 Rxe2 38. Rxe2 Nxc3 39. Reb2 Nxb1 40.
Rxb1 e4 41. Kg2 Re5 42. g4 e3 43. Kf3 e2 44. Re1 Ka6 45. Kf4 f6 0-1

[Event "Gibraltar Challengers A"]
[Site "Gibraltar"]
[Date "2019.01.25"]
[Round "5.11"]
[White "Hamer, Martyn"]
[Black "Pavlov, Egor"]
[Result "0-1"]
[WhiteElo "2046"]
[BlackElo "2187"]
[PlyCount "68"]
[EventDate "2019.01.21"]
[EventType "swiss"]
[EventRounds "5"]
[EventCountry "GGB"]

1. d4 Nf6 2. c4 g6 3. Nc3 Bg7 4. e4 d6 5. Be2 O-O 6. Be3 c5 7. e5 Ne8 8. dxc5
Bxe5 9. Nf3 Bg7 10. O-O Nc6 11. Qd2 Qa5 12. cxd6 Nxd6 13. a3 Nf5 14. b4 Qd8 15.
Rad1 Qxd2 16. Bxd2 Nfd4 17. Nxd4 Nxd4 18. Bd3 Rd8 19. Nd5 Kf8 20. Bg5 f6 21.
Bc1 e6 22. Ne3 f5 23. c5 Bd7 24. Bc4 Ba4 25. Rde1 b6 26. cxb6 axb6 27. f4 Rac8
28. Ba2 Bb5 29. Rf2 Ne2+ 30. Rfxe2 Bxe2 31. Bxe6 Rc6 32. Bd5 Rc7 33. Kf2 Bb5
34. Bf3 Bd4 0-1

[Event "Gibraltar Challengers A"]
[Site "Gibraltar"]
[Date "2019.01.25"]
[Round "5.12"]
[White "Skutta, Bernd"]
[Black "Villar Reymundo, Juan Antonio"]
[Result "0-1"]
[WhiteElo "1988"]
[BlackElo "2237"]
[PlyCount "66"]
[EventDate "2019.01.21"]
[EventType "swiss"]
[EventRounds "5"]
[EventCountry "GGB"]

1. d4 Nf6 2. Bf4 b6 3. c4 Bb7 4. Nc3 e6 5. a3 d5 6. e3 Bd6 7. Bg5 Nbd7 8. cxd5
exd5 9. Nf3 a6 10. Bd3 O-O 11. O-O Re8 12. Nd2 c5 13. Qf3 Qc7 14. g3 h6 15. Bf4
Bxf4 16. gxf4 cxd4 17. exd4 Nf8 18. f5 N8h7 19. h4 Qe7 20. Qd1 Ne4 21. Nf3 Qf6
22. Ne2 Qxf5 23. Ng3 Qf4 24. Kg2 Rac8 25. Rc1 Nf8 26. Rxc8 Rxc8 27. Rh1 Ne6 28.
h5 Qf6 29. Ne2 N6g5 30. Neg1 Re8 31. Rh4 Bc8 32. Qc1 Ne6 33. Qc6 Nf4+ 0-1

[Event "Gibraltar Challengers A"]
[Site "Gibraltar"]
[Date "2019.01.25"]
[Round "5.13"]
[White "Crespo, Eugenio"]
[Black "Kozarcanin, Sead"]
[Result "1/2-1/2"]
[WhiteElo "2169"]
[BlackElo "2048"]
[PlyCount "186"]
[EventDate "2019.01.21"]
[EventType "swiss"]
[EventRounds "5"]
[EventCountry "GGB"]

1. Nf3 Nf6 2. c4 c6 3. g3 d5 4. Bg2 g6 5. b3 Bg7 6. Bb2 O-O 7. O-O Na6 8. d3 e6
9. Nbd2 Re8 10. Rc1 b6 11. Qc2 Bb7 12. Rfd1 Qe7 13. e4 Nb4 14. Qb1 dxc4 15.
dxc4 Rad8 16. e5 Ng4 17. Ne4 Rxd1+ 18. Rxd1 f6 19. a3 Na6 20. exf6 Nxf6 21. Nd6
Rf8 22. Ne5 Nb8 23. b4 Ne8 24. Nxb7 Qxb7 25. b5 Qc7 26. Nxc6 Bxb2 27. Qxb2 Nd7
28. Qe2 Nc5 29. Rd8 Ng7 30. Rd1 Qf7 31. a4 Nf5 32. a5 h5 33. axb6 axb6 34. h4
Qf6 35. Ne5 Nh6 36. Nd7 Nxd7 37. Rxd7 Ng4 38. f4 e5 39. fxe5 Nxe5 40. Rd1 Ng4
41. Bh3 Qc3 42. Qd3 Qf6 43. Bxg4 hxg4 44. Rf1 Qe6 45. Qd5 Qxd5 46. cxd5 Rd8 47.
Rd1 Kf7 48. Kf2 Ke7 49. Ke3 Rf8 50. d6+ Kd7 51. Ke4 Rf3 52. Rd3 Rf1 53. Rd5 Rf3
54. Rg5 Rxg3 55. Rxg6 Rb3 56. Rxg4 Kxd6 57. Rg5 Rb4+ 58. Kd3 Rxh4 59. Kc3 Rh3+
60. Kc4 Rh4+ 61. Kc3 Ra4 62. Kb3 Ra1 63. Kc4 Rc1+ 64. Kb4 Rb1+ 65. Kc4 Rc1+ 66.
Kb4 Re1 67. Kc4 Re4+ 68. Kc3 Re5 69. Rg6+ Kc5 70. Rg3 Kxb5 71. Kb3 Rh5 72. Rf3
Ka6 73. Rg3 Rh1 74. Rf3 Rb1+ 75. Ka3 Ka5 76. Ka2 Rh1 77. Kb3 b5 78. Kb2 Rh2+
79. Kb1 b4 80. Rg3 Ka4 81. Rf3 Rh1+ 82. Kb2 Rh2+ 83. Kb1 Rg2 84. Rh3 Rd2 85.
Rg3 Kb5 86. Rh3 Kc4 87. Rg3 b3 88. Rg8 Rd3 89. Kb2 Rd2+ 90. Kb1 Rd4 91. Kb2
Rd2+ 92. Kb1 Rd5 93. Kb2 Rd2+ 1/2-1/2

[Event "Gibraltar Challengers A"]
[Site "Gibraltar"]
[Date "2019.01.25"]
[Round "5.14"]
[White "Kukic, Boris"]
[Black "Bengherabi, Khalil"]
[Result "1-0"]
[WhiteElo "2035"]
[BlackElo "2150"]
[PlyCount "117"]
[EventDate "2019.01.21"]
[EventType "swiss"]
[EventRounds "5"]
[EventCountry "GGB"]

1. e4 c5 2. Nf3 d6 3. d4 cxd4 4. Nxd4 Nf6 5. Nc3 g6 6. Bg5 Bg7 7. Qd2 O-O 8.
Bh6 Bxh6 9. Qxh6 Qb6 10. O-O-O Nc6 11. Nxc6 bxc6 12. f3 Rb8 13. b3 Qa5 14. Kb2
Be6 15. h4 Rfd8 16. Qg5 Qxg5 17. hxg5 Nh5 18. Ne2 Ng7 19. Nf4 Bc8 20. Bc4 e5
21. Ne2 Be6 22. Bd3 f6 23. gxf6 Ne8 24. f4 Nxf6 25. fxe5 dxe5 26. Rdf1 Kg7 27.
Nc3 Rd4 28. Ne2 Rdd8 29. Nc3 Nh5 30. Rf3 Bg4 31. Re3 Nf4 32. Rg1 h5 33. Nb1 Rd4
34. g3 Ne6 35. Na3 Ng5 36. Rf1 Rf8 37. Rxf8 Kxf8 38. Nc4 Nf7 39. Kc3 Rd8 40.
Kb4 Ke7 41. Kc5 Bd7 42. Rf3 Rb8 43. a4 Rh8 44. Rf2 g5 45. Kb4 h4 46. gxh4 gxh4
47. Ka5 h3 48. Rh2 Be6 49. Ka6 Rg8 50. Bf1 Rg3 51. Kxa7 Kf6 52. a5 Ng5 53. Nd2
Rc3 54. Kb7 Rxc2 55. a6 Nf7 56. a7 Nd6+ 57. Kc7 Ra2 58. Kxd6 Rxa7 59. Rf2+ 1-0

[Event "Gibraltar Challengers A"]
[Site "Gibraltar"]
[Date "2019.01.25"]
[Round "5.15"]
[White "Cao Armillas, Jesus"]
[Black "Ramasindraibe, Girard"]
[Result "0-1"]
[WhiteElo "2048"]
[BlackElo "2129"]
[PlyCount "246"]
[EventDate "2019.01.21"]
[EventType "swiss"]
[EventRounds "5"]
[EventCountry "GGB"]

1. d4 Nf6 2. c4 e6 3. Nf3 c5 4. Nc3 cxd4 5. Nxd4 a6 6. g3 Nc6 7. Bg2 Be7 8. O-O
O-O 9. b3 d5 10. cxd5 exd5 11. Bb2 Bg4 12. h3 Be6 13. Nxe6 fxe6 14. e4 d4 15.
Ne2 e5 16. Nc1 Rc8 17. Nd3 Bd6 18. f4 Qe7 19. Qe2 Nd7 20. Rac1 Kh8 21. Rf2 Nc5
22. fxe5 Nxd3 23. Rxf8+ Qxf8 24. Rf1 Qd8 25. Qxd3 Nxe5 26. Qd2 Nc6 27. Qf2 Be5
28. h4 Qd6 29. Kh2 Rd8 30. Bc1 d3 31. Bg5 Rb8 32. Bf4 h6 33. Rd1 Rd8 34. Bf1
Rf8 35. Rxd3 Qb8 36. Bg2 Bxf4 37. gxf4 Rxf4 38. Qg3 Rxh4+ 39. Kg1 Rf4 40. Rf3
g5 41. Qh3 Qf8 42. Rc3 Qd6 43. e5 Nxe5 44. Qc8+ Rf8 45. Qc5 Qd1+ 46. Kh2 Ng4+
47. Kh3 Nf2+ 48. Kh2 Qd8 49. Qe5+ Rf6 50. Kg1 Qd1+ 51. Bf1 Nh3+ 52. Rxh3 Qxf1+
53. Kh2 Qf4+ 54. Qxf4 gxf4 55. Kg2 Rg6+ 56. Kf2 Kg7 57. Rd3 Rf6 58. Kf3 Kg6 59.
Rd5 h5 60. a4 h4 61. a5 h3 62. Rd2 Kg5 63. Rd5+ Rf5 64. Rd8 Rxa5 65. Rg8+ Kh4
66. Kxf4 h2 67. Rg4+ Kh5 68. Rg8 Rb5 69. Rh8+ Kg6 70. Rxh2 Rxb3 71. Ke4 Kf6 72.
Kd4 Ke6 73. Kc4 Rb1 74. Rd2 a5 75. Kc5 Rb3 76. Rd4 Ke5 77. Ra4 b6+ 78. Kc4 Rb1
79. Ra2 Ke4 80. Re2+ Kf3 81. Ra2 Ke3 82. Kc3 Rb4 83. Ra1 Ke4 84. Rd1 Ke5 85.
Rd2 b5 86. Ra2 Rc4+ 87. Kd3 a4 88. Ra1 Kd5 89. Ra2 Kc5 90. Ra1 Kb4 91. Rb1+ Ka5
92. Ra1 Rh4 93. Kc2 Rh2+ 94. Kc3 Rh3+ 95. Kc2 Kb4 96. Rb1+ Kc4 97. Rg1 Rh2+ 98.
Kb1 Kb3 99. Rg3+ Kb4 100. Rg4+ Ka5 101. Rg3 Rf2 102. Rh3 b4 103. Rh5+ Kb6 104.
Rh4 Kb5 105. Rh5+ Kc4 106. Rh4+ Kb5 107. Rh5+ Kb6 108. Rh6+ Kc5 109. Rh5+ Kd6
110. Rh4 Rf1+ 111. Ka2 b3+ 112. Kb2 Rf2+ 113. Kb1 a3 114. Rh1 Kc5 115. Rh5+ Kd4
116. Rh4+ Ke3 117. Rh3+ Rf3 118. Rh1 Kd3 119. Rd1+ Kc3 120. Rc1+ Kb4 121. Rh1
a2+ 122. Kb2 Rf2+ 123. Ka1 Ka3 0-1

[Event "Gibraltar Challengers A"]
[Site "Gibraltar"]
[Date "2019.01.25"]
[Round "5.16"]
[White "Herzwurm, Robert"]
[Black "Verneuil, Pascal"]
[Result "0-1"]
[WhiteElo "2021"]
[BlackElo "2114"]
[PlyCount "108"]
[EventDate "2019.01.21"]
[EventType "swiss"]
[EventRounds "5"]
[EventCountry "GGB"]

1. e4 c5 2. Nc3 a6 3. f4 b5 4. g3 Bb7 5. Bg2 e6 6. Qe2 Nc6 7. Nf3 Nd4 8. Nxd4
cxd4 9. Nd1 Bc5 10. d3 Rc8 11. Bd2 Ne7 12. O-O f5 13. exf5 Bxg2 14. Qh5+ Kf8
15. fxe6 dxe6 16. Kxg2 Nf5 17. Qf3 h5 18. h4 Be7 19. Rc1 Bxh4 20. Be1 Bf6 21.
Rh1 g6 22. g4 hxg4 23. Rxh8+ Bxh8 24. Qxg4 Qd5+ 25. Kg1 Rc7 26. Nf2 Ne3 27. Qg3
Bf6 28. Ne4 Rh7 29. Bb4+ Kg7 30. f5 exf5 31. Qc7+ Qf7 32. Qxf7+ Kxf7 33. Nxf6
Kxf6 34. Bc5 Ke5 35. c3 Rh3 36. Bxd4+ Kf4 37. Bxe3+ Rxe3 38. Rd1 Kf3 39. d4 Ke2
40. Rf1 Rg3+ 41. Kh2 Rg4 42. Rc1 Rh4+ 43. Kg3 g5 44. d5 f4+ 45. Kg2 Rg4+ 46.
Kh3 Rg3+ 47. Kh2 Rd3 48. c4 bxc4 49. Rxc4 Rxd5 50. Kh3 Rd3+ 51. Kg4 Rg3+ 52.
Kf5 f3 53. Rc2+ Ke3 54. Rc3+ Kd2 0-1

[Event "Gibraltar Challengers A"]
[Site "Gibraltar"]
[Date "2019.01.25"]
[Round "5.17"]
[White "Hassomal Daswani, Birjkumar"]
[Black "Crocker, Philip J"]
[Result "1-0"]
[WhiteElo "2008"]
[BlackElo "2109"]
[PlyCount "67"]
[EventDate "2019.01.21"]
[EventType "swiss"]
[EventRounds "5"]
[EventCountry "GGB"]

1. e4 Nf6 2. Nc3 d5 3. e5 Ne4 4. Nce2 f6 5. d3 Ng5 6. Bxg5 fxg5 7. h4 g4 8. d4
c5 9. dxc5 e6 10. Nd4 Nc6 11. Bb5 Qc7 12. Qxg4 Bxc5 13. Ngf3 O-O 14. Bxc6 bxc6
15. c3 Rb8 16. b4 Bxd4 17. Qxd4 Ba6 18. Ng5 Qd7 19. Qg4 Rf5 20. f4 c5 21. a3 h6
22. Nh3 d4 23. Qd1 Qd5 24. Qd2 Qe4+ 25. Kf2 dxc3 26. Qxc3 Qe2+ 27. Kg1 Bb7 28.
Qg3 Rd8 29. Re1 Qc2 30. Rf1 Rd3 31. Qg6 Rg5 32. Qe8+ Kh7 33. Nxg5+ hxg5 34.
hxg5+ 1-0

[Event "Gibraltar Challengers A"]
[Site "Gibraltar"]
[Date "2019.01.25"]
[Round "5.18"]
[White "Suez-Panama, Gilles"]
[Black "Vinal Gutierrez, Pedro"]
[Result "0-1"]
[WhiteElo "2078"]
[BlackElo "1997"]
[PlyCount "88"]
[EventDate "2019.01.21"]
[EventType "swiss"]
[EventRounds "5"]
[EventCountry "GGB"]

1. d4 d5 2. Nf3 e6 3. c4 c6 4. g3 dxc4 5. Bg2 b5 6. O-O Bb7 7. a4 a6 8. Ne5 f6
9. Ng4 Nd7 10. axb5 axb5 11. Rxa8 Qxa8 12. e4 c5 13. d5 e5 14. Ne3 Nh6 15. Bh3
Nf7 16. Qg4 Qd8 17. Qe6+ Be7 18. Nf5 g6 19. Nxe7 Qxe7 20. Nc3 Nd6 21. Qg4 Bc8
22. Qe2 Nb6 23. Bxc8 Nbxc8 24. Bh6 Nb6 25. Ra1 Kf7 26. Ra5 Ra8 27. Rxa8 Nxa8
28. Qg4 Nb6 29. Be3 b4 30. Nd1 Nd7 31. Qh3 Ke8 32. f3 f5 33. Qg2 Qf6 34. Nf2 h5
35. Nh3 Qd8 36. Ng5 Qa5 37. Qf2 c3 38. bxc3 Qa1+ 39. Kg2 Qxc3 40. Ne6 b3 41.
Bd2 Qc2 42. Nc7+ Kd8 43. Ne6+ Kc8 44. Qe2 Nc4 0-1

[Event "Gibraltar Challengers A"]
[Site "Gibraltar"]
[Date "2019.01.25"]
[Round "5.19"]
[White "Cano Sevilla, Ivan"]
[Black "Bujakevich, Aleksandr"]
[Result "1-0"]
[WhiteElo "1950"]
[BlackElo "2054"]
[PlyCount "93"]
[EventDate "2019.01.21"]
[EventType "swiss"]
[EventRounds "5"]
[EventCountry "GGB"]

1. Nf3 d5 2. e3 Nf6 3. c4 e6 4. Nc3 Be7 5. b3 O-O 6. Bb2 Nbd7 7. d4 b6 8. Qc2
Bb7 9. Bd3 Rc8 10. Ne5 dxc4 11. bxc4 Bxg2 12. Rg1 Bb7 13. O-O-O Bd6 14. f4 Qe7
15. Rg3 h6 16. Rdg1 Ne8 17. Rh3 Nxe5 18. fxe5 Ba3 19. Rxh6 Bxb2+ 20. Kxb2 f5
21. exf6 Rxf6 22. Rh3 Nd6 23. Bh7+ Kf8 24. Bd3 Kg8 25. Rhg3 Nf5 26. Bxf5 exf5
27. Rxg7+ Qxg7 28. Rxg7+ Kxg7 29. Ne2 Re8 30. Nf4 Kf7 31. Qf2 Be4 32. Qh4 Rg8
33. Qh5+ Kg7 34. Qd1 Rh6 35. h3 a5 36. d5 Kh7 37. Qd4 c6 38. Qe5 cxd5 39. cxd5
a4 40. d6 Rg7 41. Nd5 Rg2+ 42. Ka3 Rd2 43. Qe7+ Kh8 44. Qf8+ Kh7 45. Qf7+ Kh8
46. Nf6 Rd3+ 47. Kb4 1-0

[Event "Gibraltar Challengers A"]
[Site "Gibraltar"]
[Date "2019.01.25"]
[Round "5.20"]
[White "Alarcon Olmos, Daniel"]
[Black "Burke, Mitchell R"]
[Result "1-0"]
[WhiteElo "2124"]
[BlackElo "1994"]
[PlyCount "65"]
[EventDate "2019.01.21"]
[EventType "swiss"]
[EventRounds "5"]
[EventCountry "GGB"]

1. e4 c5 2. Nf3 d6 3. d4 cxd4 4. Nxd4 Nf6 5. Nc3 a6 6. Bg5 e6 7. Qd2 Nbd7 8.
O-O-O Be7 9. Kb1 Qc7 10. g4 h6 11. Bxf6 Bxf6 12. f4 g5 13. Be2 gxf4 14. Qxf4
Bg5 15. Qf2 Ne5 16. h4 Be7 17. g5 Bd7 18. Bh5 hxg5 19. hxg5 Rf8 20. Rhg1 O-O-O
21. Nf5 Bc6 22. Nh6 Kb8 23. Rdf1 Be8 24. Qg2 Rc8 25. Rf2 Qb6 26. Nd1 a5 27. Qf1
a4 28. Rg3 Bb5 29. Be2 Be8 30. g6 Bh4 31. g7 Rg8 32. Nxg8 Bxg3 33. Ne7 1-0

[Event "Gibraltar Challengers A"]
[Site "Gibraltar"]
[Date "2019.01.25"]
[Round "5.21"]
[White "Spacapan, Simon"]
[Black "Nandi, Robin J"]
[Result "0-1"]
[WhiteElo "2061"]
[BlackElo "1903"]
[PlyCount "110"]
[EventDate "2019.01.21"]
[EventType "swiss"]
[EventRounds "5"]
[EventCountry "GGB"]

1. e4 e5 2. Nf3 Nc6 3. Bc4 Bc5 4. c3 Nf6 5. b4 Bb6 6. d3 d6 7. a4 a5 8. b5 Ne7
9. O-O Ng6 10. Re1 O-O 11. Nbd2 Re8 12. Nf1 h6 13. Ng3 Be6 14. Bxe6 Rxe6 15. d4
d5 16. exd5 Qxd5 17. Be3 Rae8 18. h3 Qc4 19. Nd2 Qxc3 20. Nde4 Nxe4 21. Nxe4
Qc4 22. Rc1 Qb4 23. Rb1 Qc4 24. Rc1 Qd5 25. Nc3 Qd7 26. d5 R6e7 27. Bxb6 cxb6
28. Ne4 Qd8 29. Qb3 Rd7 30. Red1 Nf4 31. Nc3 Qg5 32. g3 Nxh3+ 33. Kf1 Qf5 34.
Rd2 e4 35. Nd1 Ng5 36. Ne3 Qh3+ 37. Ke2 Nf3 38. Rdd1 Qh5 39. Kf1 Nd2+ 40. Rxd2
Qh1+ 41. Ke2 Qxc1 42. Rc2 Qh1 43. Qc3 Qf3+ 44. Ke1 Rd6 45. Qc7 Qf6 46. Qxb7
Qa1+ 47. Ke2 Qxa4 48. Rb2 Qd4 49. Rd2 Qb4 50. Nf5 Qxb5+ 51. Ke1 Rd7 52. Qc6
Qxc6 53. dxc6 Rxd2 54. Kxd2 Kf8 55. c7 Rc8 0-1

[Event "Gibraltar Challengers A"]
[Site "Gibraltar"]
[Date "2019.01.25"]
[Round "5.22"]
[White "Erdogan, Hassan"]
[Black "Sedgwick, David"]
[Result "1-0"]
[WhiteElo "1833"]
[BlackElo "2024"]
[PlyCount "121"]
[EventDate "2019.01.21"]
[EventType "swiss"]
[EventRounds "5"]
[EventCountry "GGB"]

1. d4 d5 2. Bf4 Nf6 3. e3 c5 4. c3 e6 5. Nf3 Bd6 6. Bg3 cxd4 7. exd4 Bxg3 8.
hxg3 Ne4 9. Nbd2 Qc7 10. Bd3 f5 11. Bxe4 fxe4 12. Ne5 O-O 13. Qh5 g6 14. Nxg6
Rf6 15. Ne5 Rf5 16. Qg4+ Qg7 17. Qe2 Nc6 18. Ng4 Rg5 19. Nh6+ Kh8 20. Qe3 Rg6
21. O-O-O e5 22. Nb3 Be6 23. Rh4 exd4 24. cxd4 Rc8 25. Kb1 Nb4 26. Rdh1 Nd3 27.
g4 Qc7 28. Nc5 Nxc5 29. dxc5 Qe5 30. Nf5 Bg8 31. f4 Qf6 32. Nd6 Rf8 33. f5 Rg7
34. Rh6 Qe5 35. R1h5 d4 36. Qxe4 Qxe4+ 37. Nxe4 Rxg4 38. Nf6 Rg7 39. g4 d3 40.
Kc1 Re7 41. Kd2 Rd8 42. Rh2 Kg7 43. g5 Re2+ 44. Rxe2 dxe2+ 45. Kxe2 Bc4+ 46.
Ke3 Rh8 47. b3 Bf7 48. Rxh7+ Rxh7 49. Nxh7 Be8 50. Nf6 Bc6 51. Kd4 a5 52. a4
Bf3 53. Nd5 Bd1 54. Kc3 Bg4 55. Ne3 Bh3 56. b4 axb4+ 57. Kxb4 Kf7 58. Kb5 Bxf5
59. Nxf5 Kg6 60. Nd6 Kxg5 61. Nxb7 1-0

[Event "Gibraltar Challengers A"]
[Site "Gibraltar"]
[Date "2019.01.25"]
[Round "5.23"]
[White "Boardman, Jeffrey"]
[Black "Adewole, Adeyinka"]
[Result "1-0"]
[WhiteElo "2005"]
[BlackElo "1972"]
[PlyCount "63"]
[EventDate "2019.01.21"]
[EventType "swiss"]
[EventRounds "5"]
[EventCountry "GGB"]

1. b3 d6 2. Bb2 c5 3. e3 Nf6 4. Nf3 a6 5. d4 b6 6. c4 Bb7 7. Nbd2 Nbd7 8. Be2
e6 9. O-O Qc7 10. Qc2 Be7 11. Rad1 d5 12. cxd5 exd5 13. Rc1 Bd6 14. Qf5 g6 15.
Qg5 h6 16. Qh4 Ke7 17. dxc5 bxc5 18. Qh3 Bc8 19. g3 Ne5 20. Qg2 Bg4 21. Rfe1
Rac8 22. e4 Bxf3 23. Nxf3 Nxf3+ 24. Qxf3 Nxe4 25. Bxh8 Rxh8 26. Bc4 Be5 27.
Bxd5 Ng5 28. Qe3 Kf6 29. Rxc5 Qb8 30. Rc6+ Ne6 31. Bxe6 fxe6 32. f4 1-0

[Event "Gibraltar Challengers A"]
[Site "Gibraltar"]
[Date "2019.01.25"]
[Round "5.24"]
[White "Saber, Yasser"]
[Black "Brown, David"]
[Result "1-0"]
[WhiteElo "2201"]
[BlackElo "1931"]
[PlyCount "105"]
[EventDate "2019.01.21"]
[EventType "swiss"]
[EventRounds "5"]
[EventCountry "GGB"]

1. d4 Nf6 2. c4 e6 3. Nc3 d5 4. Bg5 Be7 5. e3 O-O 6. Qc2 Nbd7 7. cxd5 exd5 8.
Bd3 h6 9. Bh4 Re8 10. Nge2 Nf8 11. O-O c6 12. f3 Ne6 13. Rae1 b6 14. Kh1 Bb7
15. Bf5 Nd7 16. Bf2 Ndf8 17. Ng3 Bf6 18. Bd3 g6 19. f4 Ng7 20. Nce2 h5 21. Ng1
h4 22. N3e2 Rc8 23. Nf3 Rc7 24. Ne5 Bxe5 25. fxe5 c5 26. Nc3 c4 27. Be2 Bc6 28.
e4 h3 29. Bf3 hxg2+ 30. Bxg2 dxe4 31. Nxe4 Bxe4 32. Qxe4 Nf5 33. Bh3 Ne7 34.
Qf4 Nd5 35. Qh6 f5 36. exf6 Rxe1 37. Rxe1 Qxf6 38. Qh4 Qxh4 39. Bxh4 Rh7 40.
Bg2 Nf4 41. Bg3 Nxg2 42. Kxg2 Rd7 43. Rd1 Kf7 44. d5 Kf6 45. Kf3 Ne6 46. Ke4
Ng5+ 47. Kd4 b5 48. Bh4 Kf5 49. Bxg5 Kxg5 50. Kc5 a6 51. d6 Kf5 52. Kc6 Rh7 53.
d7 1-0